000 00599nam a2200241Ia 4500
003 OSt
005 20221005124023.0
006 a|||||r|||| 00| 0
007 ta
008 221004b |||||||| |||| 00| 0 guj d
024 _a46648
037 _cTextual
040 _aCRL
_cCRL
_bguj
041 _2guj
_aguj
082 _aO156,2N02,11, J7
100 _aAcharya Gunavant
_9224540
245 0 _aMararaj
260 _c1957
300 _a83p.
_ccm.
650 _aGUJRATI LITERATURE
942 _hO156,2N02,11, J7
_cTEXL
_2cc
999 _c1049213
_d1049213